000 01519cam a22001814a 4500
005 20250605164349.0
008 250528s ||||||||||||||||||||||||d
035 _a24084
040 _aGR-AtMCL
_bgre
_dGR-AtMCL
_eAACR2
245 1 _aΓενική Συνέλευση Κ.Ε.Ε.: Να Καταργηθεί η Άρση της Υποχρεωτικότητας Εγγραφής των Επιχειρήσεων στα Επιμελητήρια / Συνέδριο στο Ε.Β.Ε.Α. Περιφερειακή Ανάπτυξη και Κοινωνική Επιχειρηματικότητα
260 _bΕμπορικό Και Βιομηχανικό Επιμελητήριο Αθηνών,
_c2014
300 _a64
520 _aΟλοκληρωμένη Πρωτοβουλία για την Επιχειρηματικότητα και την Απασχόληση στη Γλυφάδα, Άλλη μία Λανθασμένη Επιλογή σε Βάρος της Επιχειρηματικότητας, Οι Κρίσιμες Κάλπες του Μαϊου, Ποιές Αλλαγές Φέρνει το Πολυνομοσχέδιο, Συσπείρωση και Συνεργασία και Δράση, Το Κόστος της Ύφεσης, Αποζημειώσεις για Θύματα των Καρτέλ, Υπάρχουν και Καλά Δάνεια, Το Νέο Ρυθμιστικό της Αθήνας.
700 1 _aΜίχαλος Κωνσταντίνος
_94319
942 _cCR
999 _c8983
_d8983